Guía completa de microsoft windows 2000 server (Registro nro. 29992)
[ vista simple ]
| 000 -CABECERA | |
|---|---|
| Longitud fija campo de control | 00965nam a2200217 a 4500 |
| 003 - • IDENTIFICADOR DELl NÚMERO DE CONTROL | |
| Identificador del número de control | CO-ViMGA |
| 008 - • CÓDIGOS DE INFORMACIÓN DE LONGITUD FIJA | |
| Códigos de información de longitud fija | 141112s2004 ck r 000 u spa d |
| 020 ## - • NÚMERO INTERNACIONAL NORMALIZADO PARA LIBROS | |
| Número Internacional Normalizado para Libros (ISBN) | 1572318198 |
| 040 ## - FUENTE DE LA CATALOGACIÓN | |
| Centro catalogador de origen | CO-ViMGA |
| Lengua de catalogación | spa |
| Centro transcriptor | CO-ViMGA |
| 082 04 - • NÚMERO DE LA CLASIFICACIÓN DECIMAL DEWEY | |
| Número de clasificación (R) | 005.43 R877g |
| 100 1# - • PUNTO DE ACCESO PRINCIPAL-NOMBRE DE PERSONA | |
| Nombre de persona | Rusell, Charlie; Crawford, Sharon |
| 245 10 - • TITULO PROPIAMENTE DICHO | |
| Título | Guía completa de microsoft windows 2000 server |
| 300 ## - • DESCRIPCIÓN FÍSICA | |
| Extensión | 1243 |
| 505 ## - • NOTA DE CONTENIDO CON FORMATO | |
| Nota de contenido con formato | Instalación y configuración inicial 47 - - Actualización a windows 2000 129 - - Administración de redes 271 - - Servicios de soporte y características 563 - - Ajustes, mantenimiento y reparación 965 |
| 590 ## - NOTAS LOCALES | |
| Nota local | Forma de adquisición : Compra fact. 0864 - - Precio : 165000 - - Proveedor : Temas y libros - - Fecha de adquisición : Mayo 2007 |
| 650 14 - • PUNTO DE ACCESO ADICIONAL DE MATERIA - TÉRMINO DE MATERIA | |
| Término de materia o nombre geográfico como elemento inicial | MICROSOFT WINDOWS 2000 SERVER (PROGRAMA PARA COMPUTADOR) |
| 650 14 - • PUNTO DE ACCESO ADICIONAL DE MATERIA - TÉRMINO DE MATERIA | |
| Término de materia o nombre geográfico como elemento inicial | SISTEMAS OPERACIONALES (COMPUTADORES) |
| 942 ## - ENTRADA DE ELEMENTOS AGREGADOS (KOHA) | |
| Fuente de clasificaión o esquema | Dewey Decimal Classification |
| Koha [por defecto] tipo de item | LIbro |
| Perdido | Fuente de clasificación o esquema | Estado Físico | No para préstamo | Forma de adquisición | Localización permanente | Localización actual | Fecha adquisición | Serie de enumeración / cronolog&íacute;a | Préstamos totales | Signatura completa | Código de barras | Fecha última consulta | Número de copia | Fecha del precio de reemplazo | Tipo de item de Koha |
|---|---|---|---|---|---|---|---|---|---|---|---|---|---|---|---|
| Dewey Decimal Classification | Sala Especializada Tercer Piso | Biblioteca Pública Germán Arciniegas - Villavicencio | Biblioteca Pública Germán Arciniegas - Villavicencio | 12/04/2015 | Volumen. 1 | 11/jun/2009 | 005.43 R877g | 21376 | 06/16/2022 | Ej. 1 | 12/04/2015 | LIbro |